Artists Beginning With D - Statistics

General Stats
  • This quiz has been taken 392 times
  • The average score is 9 of 16
Answer Stats
Hint Answer % Correct
Jolene Dolly Parton
84%
Get Lucky Daft Punk
74%
Starman David Bowie
74%
Smoke On The Water Deep Purple
67%
Sultans of Swing Dire Straits
67%
Pour Some Sugar On Me Def Leppard
60%
American Pie Don McLean
59%
Levitating Dua Lipa
55%
Say My Name Destiny's Child
54%
One Dance Drake
50%
Enjoy the Silence Depeche Mode
46%
People Are Strange The Doors
45%
Titanium David Guetta
43%
The Next Episode Dr. Dre
39%
I'm Coming Out Diana Ross
36%
Change (In the House of Flies) Deftones
17%
No matching quizzes found
Score Distribution
Percent of People with Each Score
Percentile by Number Answered
Your Score History
You have not taken this quiz